| 000 | 01551cam a22004574i 4500 | ||
|---|---|---|---|
| 003 | PE-LiUPU | ||
| 005 | 20250731173547.0 | ||
| 008 | 150616s r 000 0 d | ||
| 035 | _a(Sirsi) a9394 | ||
| 040 |
_aPE-LiUPU _bspa _cPE-LiUPU _erda |
||
| 049 | _aPRUA | ||
| 082 | 0 | 4 |
_a286.732 _bP63W _221 |
| 111 | 2 |
_aCongreso Iberoamericano de Educación Adventista. _nI. _d4-8 feb. 1987 _cLa Plata, Argentina |
|
| 245 | 1 | 0 | _aHacia el 2000. Desafíos y Propuestas. |
| 264 | 1 |
_aEntre Ríos, Argentina : _bUniversidad Adventista del Plata, _c1997. |
|
| 300 |
_a147 páginas ; _c28 cm. |
||
| 300 | _aPrograma General | ||
| 336 |
_atext _2rdacontent |
||
| 337 |
_aunmediated _2rdamedia |
||
| 338 |
_avolume _2rdacarrier |
||
| 490 | 0 | _aCompilación de Exposiciones y Ponencias | |
| 505 | 0 | _aExposicione plenarias.- Trabajos libres. | |
| 526 | _aSEG42 | ||
| 526 | _aSEG41 | ||
| 526 | _aSEG40 | ||
| 526 | _aSEG39 | ||
| 526 | _aP94 | ||
| 526 | _aP87 | ||
| 526 | _aP86 | ||
| 526 | _aP85 | ||
| 526 | _aP77 | ||
| 526 | _aP76 | ||
| 526 | _aP35 | ||
| 910 |
_ajck _bjvq _cjck |
||
| 942 |
_2ddc _cBOOK |
||
| 949 |
_a286.732 P63 W _wDEWEY _c1 _i42874 _lCCODEBUL1 _mBUL _p00.00 _r0 _sY _tBOOK _u19970609 _xTEOLOGIA _zUNKNOWN _0COMPRA _o.STAFF. Colección General |
||
| 994 |
_aC0 _bPEPRU |
||
| 596 | _a1 | ||
| 999 |
_a286.732 P63 W _wDEWEY _c60841 _i42874 _f2021-11-11 _g6 _lCCODEBUL1 _mBUL _r0 _sY _tBOOK _u2015-6-16 _xTEOLOGIA _zUNKNOWN _0COMPRA _o.STAFF. Colección General _d60841 |
||
| 980 |
_81 _gALBERTO SANCHEZ Responsable de Automatización |
||